Les Pokémon de la 3G - Statistiques

Statistiques générales
  • Ce quiz a été pris 441 fois
  • Le résultat moyen est 91 sur 135
Statistiques - réponses
Numéro Nom % Correct
255 Poussifeu
99%
252 Arcko
97%
257 Braségali
97%
258 Gobou
97%
256 Galifeu
95%
260 Laggron
95%
383 Groudon
94%
254 Jungko
94%
382 Kyogre
94%
384 Rayquaza
94%
253 Massko
92%
259 Flobio
90%
261 Medhyèna
88%
262 Grahyèna
87%
277 Hélédelle
87%
276 Nirondelle
87%
386 Deoxys
84%
385 Jirachi
83%
378 Regice
83%
377 Regirock
83%
379 Registeel
83%
263 Zigzaton
82%
265 Chenipotte
81%
282 Gardevoir
81%
380 Latias
81%
381 Latios
81%
280 Tarsal
81%
310 Élecsprint
80%
264 Linéon
80%
266 Armulys
79%
373 Drattak
79%
309 Dynavolt
79%
281 Kirlia
79%
371 Draby
77%
376 Métalosse
77%
268 Blindalys
76%
375 Métang
76%
270 Nénupiot
76%
272 Ludicolo
75%
269 Papinox
75%
279 Bekipan
74%
323 Camérupt
74%
267 Charmillon
74%
271 Lombre
74%
274 Pifeuil
74%
275 Tengalice
74%
372 Drackhaus
73%
319 Sharpedo
73%
374 Terhal
73%
278 Goélise
72%
312 Négapi
72%
311 Posipi
72%
322 Chamallot
71%
304 Galekid
71%
273 Grainipiot
71%
289 Monaflèmit
71%
318 Carvanha
70%
305 Galegon
70%
306 Galeking
70%
287 Parecool
70%
288 Vigoroth
70%
334 Altaria
69%
320 Wailmer
68%
321 Wailord
68%
348 Armaldo
66%
297 Hariyama
66%
296 Makuhita
66%
333 Tylton
66%
349 Barpau
65%
354 Branette
65%
324 Chartor
65%
307 Méditikka
65%
350 Milobellus
65%
308 Charmina
64%
330 Libégon
64%
328 Kraknoix
63%
345 Lilia
63%
338 Solaroc
63%
353 Polichombr
62%
337 Séléroc
62%
346 Vacilys
62%
347 Anorith
61%
285 Balignon
61%
286 Chapignon
61%
366 Coquiperl
61%
368 Rosabyss
60%
367 Serpang
60%
329 Vibraninf
60%
293 Chuchmur
59%
365 Kaimorse
59%
363 Obalie
59%
355 Skelénox
59%
299 Tarinor
59%
302 Ténéfix
59%
295 Brouhabam
58%
344 Kaorine
58%
364 Phogleur
58%
336 Séviper
58%
356 Téraclope
58%
343 Balbuto
57%
335 Mangriff
57%
362 Oniglali
57%
294 Ramboum
57%
359 Absol
56%
369 Relicanth
56%
327 Spinda
55%
361 Stalgamin
55%
357 Tropius
55%
332 Cacturne
54%
291 Ninjask
54%
292 Munja
52%
303 Mysdibule
52%
290 Ningale
52%
331 Cacnea
51%
300 Skitty
51%
301 Delcatty
50%
341 Écrapince
50%
358 Éoko
50%
342 Colhomard
49%
283 Arakdo
48%
370 Lovdisc
48%
351 Morphéo
48%
316 Gloupti
47%
284 Maskadra
47%
317 Avaltout
46%
352 Kecleon
46%
315 Rosélia
46%
339 Barloche
44%
313 Muciole
44%
314 Lumivole
43%
340 Barbicha
42%
298 Azurill
41%
360 Okéoké
40%
325 Spoink
39%
326 Groret
35%
Aucun quiz correspondant
Distribution des résultats
% des personnes avec chaque résultat
Percentile par nombre de réponses
Votre historique - résultats
Vous n’avez pas pris ce quiz